| 000 | 00561nam a2200169 a 4500 | ||
|---|---|---|---|
| 001 | 000029097 | ||
| 005 | 20200930055329.0 | ||
| 008 | 110413s2010 dr a 000 0 spa d | ||
| 020 | _a9789945001464 | ||
| 040 |
_aDO-SdBNP _bspa _cBNPHU |
||
| 082 |
_axxx _bS211m, 2010 |
||
| 100 | 1 |
_aSánchez, Federico _926611 |
|
| 245 | 1 | 3 |
_aEl mensaje justifica los medios : _bAproximación a una teoría de la comunicación social / _cFederico Sánchez. |
| 250 | _a2a ed. | ||
| 260 |
_aSanto Domingo : _bPlaza gráfica V centenario, _c2010. |
||
| 300 |
_a105 p. : _bil. ; _c27 cm. |
||
| 999 |
_c28589 _d28589 |
||